Biggest US cities during World War 2 - Statistics

General Stats
  • This quiz has been taken 50 times
  • The average score is 9 of 10
Answer Stats
Population Answer % Correct
3,396,808 Chicago
100%
7,454,995 New York City
100%
1,931,334 Philadelphia
100%
1,504,277 Los Angeles
98%
859,100 Baltimore
95%
770,816 Boston
93%
1,623,452 Detroit
93%
878,336 Cleveland
88%
816,048 St. Louis
88%
671,659 Pittsburgh
84%
No matching quizzes found
Score Distribution
Percent of People with Each Score
Percentile by Number Answered
Your Score History
You have not taken this quiz